Ч. 2 (Запись № 88631)
[ простой вид ]
| 000 -МАРКЕР | |
|---|---|
| контрольное поле | 02463nam2a22003011 4500 |
| 001 - ИДЕНТИФИКАТОР ЗАПИСИ | |
| контрольное поле | rc\3027070 |
| 005 - ИДЕНТИФИКАТОР ВЕРСИИ | |
| контрольное поле | 20250809113246.0 |
| 035 ## - ДРУГИЕ СИСТЕМНЫЕ НОМЕРА | |
| Идентификатор записи | (NLR Aleph) 007216849 |
| 100 ## - ДАННЫЕ ОБЩЕЙ ОБРАБОТКИ | |
| Данные общей обработки | 20110929d1944 u y0rusy50 ca |
| 101 0# - ЯЗЫК РЕСУРСА | |
| Язык текста, звукозаписи и т.д. | русский |
| 102 ## - СТРАНА ПУБЛИКАЦИИ ИЛИ ПРОИЗВОДСТВА | |
| Страна публикации | российская федерация |
| 105 ## - ПОЛЕ КОДИРОВАННЫХ ДАННЫХ: ТЕКСТОВЫЕ МАТЕРИАЛЫ, МОНОГРАФИЧЕСКИЕ | |
| Кодированные данные о монографическом текстовом документе | ac z ||||| |
| 200 0# - ЗАГЛАВИЕ И СВЕДЕНИЯ ОБ ОТВЕТСТВЕННОСТИ | |
| Основное заглавие | Ч. 2 |
| 210 ## - ПУБЛИКАЦИЯ, РАСПРОСТРАНЕНИЕ И ДР. | |
| Дата издания, распространения и т.д. | 1944 |
| 215 ## - ФИЗИЧЕСКАЯ ХАРАКТЕРИСТИКА | |
| Специфическое обозначение материала и объем | 535, XXXVI с., 5 л. ил., портр. |
| Другие сведения о физической характеристике | ил., портр. |
| 300 ## - ОБЩИЕ ПРИМЕЧАНИЯ | |
| Текст примечания | Прим. к тексту "Начал общей военно-полевой хирургии". Под ред. полк. мед. службы проф. А.М. Геселевича. Сост. полк. мед. службы, проф. А.М. Геселевеч и доц. Д.Н. Лубоцкий, с. I-XXXVI |
| 461 #0 - УРОВЕНЬ НАБОРА | |
| Встроенное поле | 001rc\3027068 |
| -- | 2000#$aНачала общей военно-полевой хирургии, взятые из наблюдений военно-госпитальной практики и воспоминаний о Крымской войне и Кавказской экспедиции$fН. Пирогов$gПод общ. ред. акад. Н.Н. Бурденко$gСо статьями акад. Н.Н. Бурденко "Н. И. Пирогов - основоположник военно-полевой хирургии", [с. IX-XLIII], ген.-полк. Е.Н. Смирнов. "Орг. вопросы военно-полевой хирургии по Пирогову их совр. понимание", [с. XLIII-LIII]$vЧ. 2 |
| -- | 700#1$aПирогов$bН.И.$gНиколай Иванович$f1810-1881 |
| 464 #0 - АНАЛИТИЧЕСКИЙ УРОВЕНЬ | |
| Встроенное поле | 2001#$aПримечания к тексту "Начал общей военно-полевой хирургии"$fСост. полк. мед. службы, проф. А.М. Геселевич и доц. Д.Н. Лубоцкий$gПод ред. полк. мед. службы проф. А.М. Геселевич |
| -- | 215##$aС. I-XXXVI |
| -- | 702#1$aГеселевич$bА. М.$gАнатолий Михайлович$4220 |
| -- | 702#1$aЛубоцкий$bД. Н.$gДавид Наумович$f1899-1966$4220 |
| 702 #1 - ИМЯ ЛИЦА - ВТОРИЧНАЯ ОТВЕТСТВЕННОСТЬ | |
| Начальный элемент ввода | Геселевич |
| Часть имени, кроме начального элемента ввода | А.М. |
| Расширение инициалов личного имени | Анатолий Михайлович |
| Код отношения | Комментатор печатного текста |
| 702 #1 - ИМЯ ЛИЦА - ВТОРИЧНАЯ ОТВЕТСТВЕННОСТЬ | |
| Начальный элемент ввода | Лубоцкий |
| Часть имени, кроме начального элемента ввода | Д.Н. |
| Даты | 1899-1966 |
| Расширение инициалов личного имени | Давид Наумович |
| Код отношения | Комментатор печатного текста |
| 801 #0 - ИСТОЧНИК ЗАПИСИ | |
| Страна | российская федерация |
| Организация | NLR |
| Правила каталогизации | psbo |
| 801 #1 - ИСТОЧНИК ЗАПИСИ | |
| Страна | российская федерация |
| Организация | ELAR |
| Источник данных | rusmarc |
| 852 ## - МЕСТОНАХОЖДЕНИЕ И ШИФР ХРАНЕНИЯ | |
| Идентификатор организации | NLR |
| Шифр хранения (Call Number) | Мд40 Г-5/61 |
| 942 ## - ДОПОЛНИТЕЛЬНЫЕ ЭЛЕМЕНТЫ ЗАПИСИ (АБИС) | |
| Тип экземпляра АБИС | Книга |
| 945 ## - Информацию об издании предоставили: | |
| Полное название организации, предоставившей материал | Российская национальная библиотека |
| 980 ## - КОЛЛЕКЦИЯ | |
| Название коллекции | Библиография Победы |
Нет доступных экземпляров.





